000 00975nam a22002651u 4500
001 05995
003 HDC
007 cr bn ---
008 210122p xx fo d 00 engg
040 _aHDC
100 _aGoodman, John
_96309
245 0 _aAt the Frontier of the e-Ummah:
_bThe dream of the globally connected Muslim community, and what this means for brands
_c/ by John Goodman
260 _a[No place] :
_b[publisher not identified],
_c2013
300 _a36 pages :
_bIllustrations
336 _atext
_2rdacontent
337 _acomputer
_2rdamedia
338 _aonline resource
_2rdacarrier
650 _aGlobal Muslim consumer
_96310
650 _aHalal industry
_9144
650 _aOnline Media and Technologies
_96308
856 _zRequest full-text at [email protected]
942 _2lcc
942 _cSLIDE
942 _kSLID 000653
999 _c3319
_d3319